[Event "VII Open Internacional Quart de Poblet"]
[Site "Quart de Poblet, Spain"]
[Date "2019.08.11"]
[Round "9.4"]
[White "Chernikov, Vladimir"]
[Black "Serrano Felipe, Rafael"]
[Result "1/2-1/2"]
[WhiteElo "2315"]
[BlackElo "2101"]
[PlyCount "70"]
[EventDate "2019.??.??"]

1. c4 {[%clk 01:30:58]  [%emt 00:00:16]} 1... e5 {[%clk 01:30:52]} 2. Nc3 {
[%clk 01:31:26]  [%emt 00:00:14]} 2... Nf6 {[%clk 01:31:11]} 3. Nf3 {
[%clk 01:31:55]} 3... Nc6 {[%clk 01:31:30]  [%emt 00:00:10]} 4. d4 {
[%clk 01:32:22]  [%emt 00:00:03]} 4... exd4 {[%clk 01:31:41]  [%emt 00:00:18]}
5. Nxd4 {[%clk 01:32:50]  [%emt 00:00:03]} 5... Bb4 {
[%clk 01:32:02]  [%emt 00:00:06]} 6. Bg5 {[%clk 01:31:54]  [%emt 00:01:23]}
6... h6 {[%clk 01:32:05]  [%emt 00:00:44]} 7. Bh4 {
[%clk 01:32:02]  [%emt 00:00:06]} 7... Qe7 {[%clk 01:32:07]  [%emt 00:00:28]}
8. e3 {[%clk 01:23:06]  [%emt 00:09:26]} 8... d6 {
[%clk 01:16:28]  [%emt 00:16:15]} 9. Nxc6 {[%clk 01:07:57]  [%emt 00:15:32]}
9... Bxc3+ {[%clk 01:15:23]  [%emt 00:01:35]} 10. bxc3 {
[%clk 01:08:21]  [%emt 00:00:34]} 10... bxc6 {[%clk 01:15:50]} 11. Qf3 {
[%clk 01:07:44]  [%emt 00:00:48]} 11... Qe4 {[%clk 01:12:56]  [%emt 00:03:18]}
12. Bxf6 {[%emt 00:00:40]} 12... Qxf3 {[%clk 01:13:17]  [%emt 00:00:04]} 13.
gxf3 {[%clk 01:08:10]  [%emt 00:00:03]} 13... gxf6 {
[%clk 01:13:43]  [%emt 00:00:03]} 14. Rb1 {[%clk 01:06:54]  [%emt 00:01:42]}
14... Rg8 {[%clk 01:13:17]  [%emt 00:00:57]} 15. Be2 {
[%clk 01:07:00]  [%emt 00:00:24]} 15... Rg5 {[%clk 01:07:15]  [%emt 00:06:31]}
16. Kd2 {[%clk 00:54:43]  [%emt 00:12:51]} 16... Ra5 {
[%clk 00:51:22]  [%emt 00:16:19]} 17. Rb2 {[%clk 00:53:03]  [%emt 00:02:09]}
17... Be6 {[%clk 00:51:47]  [%emt 00:00:11]} 18. Rg1 {
[%clk 00:51:51]  [%emt 00:01:39]} 18... Kf8 {[%clk 00:40:03]  [%emt 00:12:13]}
19. Ra1 {[%clk 00:51:40]  [%emt 00:00:39]} 19... Rd8 {
[%clk 00:38:50]  [%emt 00:01:43]} 20. Rb7 {[%clk 00:51:13]  [%emt 00:01:00]}
20... Rd7 {[%clk 00:29:29]  [%emt 00:09:49]} 21. f4 {
[%clk 00:50:53]  [%emt 00:00:50]} 21... d5 {[%clk 00:27:19]  [%emt 00:02:42]}
22. c5 {[%clk 00:49:51]  [%emt 00:01:30]} 22... Re7 {
[%clk 00:24:01]  [%emt 00:03:55]} 23. a4 {[%clk 00:39:33]  [%emt 00:10:41]}
23... Bc8 {[%clk 00:21:16]  [%emt 00:03:15]} 24. Rb8 {
[%clk 00:39:51]  [%emt 00:00:11]} 24... Re8 {[%clk 00:21:42]  [%emt 00:00:17]}
25. Bd3 {[%clk 00:39:12]  [%emt 00:01:22]} 25... Ke7 {
[%clk 00:16:34]  [%emt 00:05:16]} 26. Kc2 {[%clk 00:38:20]  [%emt 00:01:19]}
26... Bd7 {[%clk 00:11:36]  [%emt 00:05:27]} 27. Rxe8+ {
[%clk 00:27:07]  [%emt 00:11:45]} 27... Bxe8 {[%clk 00:11:03]  [%emt 00:01:01]}
28. f5 {[%clk 00:27:10]  [%emt 00:00:30]} 28... Rxc5 {
[%clk 00:06:57]  [%emt 00:04:33]} 29. a5 {[%clk 00:27:38]  [%emt 00:00:13]}
29... Bd7 {[%clk 00:07:14]  [%emt 00:00:05]} 30. Kb3 {
[%clk 00:27:35]  [%emt 00:00:33]} 30... Kd6 {[%clk 00:03:59]  [%emt 00:03:42]}
31. f4 {[%clk 00:21:53]  [%emt 00:06:12]} 31... Bxf5 {
[%clk 00:03:28]  [%emt 00:01:01]} 32. Bxf5 {[%clk 00:21:49]  [%emt 00:00:41]}
32... d4 {[%clk 00:03:56]  [%emt 00:00:04]} 33. e4 {
[%clk 00:18:44]  [%emt 00:03:26]} 33... Rxc3+ {[%emt 00:09:52]} 34. Kb4 {
[%emt 00:00:04]} 34... c5+ 35. Kb5 a6+ {[%emt 00:00:09]  Kb4} 1/2-1/2

[Event "II Magistral Blitz Quart"]
[Site "Quart de Poblet, Spain"]
[Date "2019.08.08"]
[Round "1.1"]
[White "Lara Lopez, Jose"]
[Black "Kovacevic, Slobodan"]
[Result "0-1"]
[WhiteElo "2271"]
[BlackElo "2395"]
[PlyCount "108"]
[EventDate "2019.??.??"]

1. e4 {[%clk 00:07:04]  [%emt 00:00:05]} 1... c5 {[%clk 00:07:05]} 2. Nc3 {
[%clk 00:07:05]  [%emt 00:00:04]} 2... e6 {[%clk 00:07:07]} 3. Nge2 {
[%clk 00:06:56]  [%emt 00:00:44]} 3... a6 {[%clk 00:07:08]} 4. g3 {
[%clk 00:06:57]} 4... b5 {[%clk 00:07:04]} 5. Bg2 {[%clk 00:06:58]} 5... Bb7 {
[%clk 00:07:06]} 6. O-O {[%clk 00:06:52]  [%emt 00:00:09]} 6... Qc7 {
[%clk 00:07:08]} 7. d3 {[%clk 00:06:45]} 7... d6 {[%clk 00:07:10]} 8. f4 {
[%clk 00:06:40]  [%emt 00:00:04]} 8... Nf6 {[%clk 00:07:05]  [%emt 00:00:06]}
9. h3 {[%clk 00:06:38]  [%emt 00:00:05]} 9... Be7 {
[%clk 00:07:06]  [%emt 00:00:05]} 10. g4 {[%clk 00:06:35]  [%emt 00:00:05]}
10... h6 {[%clk 00:07:08]} 11. Qe1 {[%clk 00:06:16]  [%emt 00:00:19]} 11... Nc6
{[%clk 00:07:10]} 12. Qf2 {[%clk 00:06:16]  [%emt 00:00:05]} 12... O-O {
[%clk 00:07:09]  [%emt 00:00:08]} 13. Ng3 {[%clk 00:06:07]  [%emt 00:00:16]}
13... Rac8 {[%clk 00:06:58]  [%emt 00:00:05]} 14. g5 {
[%clk 00:06:02]  [%emt 00:00:08]} 14... hxg5 {[%clk 00:06:59]  [%emt 00:00:06]}
15. fxg5 {[%clk 00:06:04]} 15... Nh7 {[%clk 00:06:49]  [%emt 00:00:28]} 16. h4
{[%clk 00:04:40]  [%emt 00:01:13]} 16... Ne5 {[%clk 00:06:51]} 17. Qe2 {
[%clk 00:04:40]} 17... f6 {[%clk 00:05:40]  [%emt 00:01:14]} 18. gxf6 {
[%clk 00:03:48]  [%emt 00:00:54]} 18... Bxf6 {[%clk 00:05:25]  [%emt 00:00:19]}
19. Nh5 {[%emt 00:01:02]} 19... Bxh4 {[%clk 00:05:18]} 20. Bf4 {
[%clk 00:02:58]  [%emt 00:00:05]} 20... Qe7 {[%clk 00:04:35]  [%emt 00:00:45]}
21. Bxe5 {[%clk 00:02:50]  [%emt 00:00:14]} 21... dxe5 {
[%clk 00:04:34]  [%emt 00:00:04]} 22. Qg4 {[%clk 00:02:41]  [%emt 00:00:09]}
22... Bf6 {[%clk 00:04:15]  [%emt 00:00:24]} 23. Nxf6+ {
[%clk 00:02:09]  [%emt 00:01:06]} 23... Rxf6 {[%clk 00:03:55]  [%emt 00:00:05]}
24. Rxf6 {[%clk 00:02:10]} 24... Qxf6 {[%clk 00:03:33]  [%emt 00:00:12]} 25.
Rf1 {[%clk 00:02:12]} 25... Qh6 {[%clk 00:03:35]  [%emt 00:00:08]} 26. Qg3 {
[%clk 00:01:45]  [%emt 00:00:25]} 26... Qg5 {[%clk 00:03:34]  [%emt 00:00:06]}
27. Qh3 {[%clk 00:01:15]  [%emt 00:00:34]} 27... Re8 {[%clk 00:03:34]} 28. Nd1
{[%clk 00:01:07]  [%emt 00:00:10]} 28... Bc8 {[%clk 00:03:31]  [%emt 00:00:06]}
29. Ne3 {[%clk 00:01:07]  [%emt 00:00:05]} 29... Rf8 {
[%clk 00:03:25]  [%emt 00:00:07]} 30. Nd5 {[%clk 00:00:31]  [%emt 00:00:44]}
30... Rxf1+ {[%clk 00:02:52]  [%emt 00:00:33]} 31. Kxf1 {[%clk 00:00:33]} 31...
Qc1+ {[%clk 00:02:46]  [%emt 00:00:09]} 32. Kf2 {[%clk 00:00:35]} 32... Qxc2+ {
[%clk 00:02:48]} 33. Kg1 {[%clk 00:00:38]} 33... Qc1+ {
[%clk 00:02:43]  [%emt 00:00:12]} 34. Kh2 {[%clk 00:00:29]  [%emt 00:00:09]}
34... Bd7 {[%clk 00:02:45]} 35. Nb6 {[%clk 00:00:23]  [%emt 00:00:13]} 35...
Qf4+ {[%clk 00:02:41]  [%emt 00:00:10]} 36. Kg1 {[%clk 00:00:25]} 36... Ng5 {
[%clk 00:02:42]} 37. Qh5 {[%clk 00:00:21]  [%emt 00:00:04]} 37... Bc6 {
[%clk 00:02:42]  [%emt 00:00:06]} 38. Nc8 {[%clk 00:00:18]  [%emt 00:00:07]}
38... Qf6 {[%clk 00:02:36]  [%emt 00:00:05]} 39. Nd6 {
[%clk 00:00:09]  [%emt 00:00:12]} 39... Bd7 {[%clk 00:02:38]  [%emt 00:00:05]}
40. Qg4 {[%clk 00:00:08]} 40... Qf4 {[%clk 00:02:34]  [%emt 00:00:09]} 41. Qh5
{[%clk 00:00:08]  [%emt 00:00:05]} 41... Qg3 {[%clk 00:02:29]  [%emt 00:00:04]}
42. Nb7 {[%clk 00:00:07]  [%emt 00:00:06]} 42... Qe3+ {
[%clk 00:02:30]  [%emt 00:00:04]} 43. Kh2 {[%clk 00:00:08]} 43... Qf4+ {
[%clk 00:02:32]} 44. Kg1 {[%clk 00:00:11]  [%emt 00:00:08]} 44... Qf6 {
[%clk 00:02:34]} 45. Nxc5 {[%clk 00:00:09]} 45... Bc6 {
[%clk 00:02:35]  [%emt 00:00:10]} 46. Qg4 {[%clk 00:00:10]} 46... b4 {
[%clk 00:02:37]} 47. Nxa6 {[%clk 00:00:06]  [%emt 00:00:04]} 47... Qe7 {
[%clk 00:02:31]  [%emt 00:00:04]} 48. Bh3 {[%clk 00:00:05]  [%emt 00:00:08]}
48... Bd7 {[%clk 00:02:30]  [%emt 00:00:05]} 49. Kf1 {
[%clk 00:00:04]  [%emt 00:00:05]} 49... Nh7 {[%clk 00:02:29]} 50. Ke2 {
[%clk 00:00:06]} 50... Nf6 {[%clk 00:02:32]} 51. Qg6 {[%clk 00:00:08]} 51...
Qd6 {[%clk 00:02:33]  [%emt 00:00:05]} 52. Qg5 {
[%clk 00:00:05]  [%emt 00:00:05]} 52... Qxa6 {[%clk 00:02:35]} 53. Qxe5 {
[%clk 00:00:07]  [%emt 00:00:04]} 53... Qb5 {[%clk 00:02:36]  [%emt 00:00:04]}
54. Kd2 {[%clk 00:00:09]} 54... Qxe5 {[%clk 00:02:37]} 0-1

[Event "II Magistral Blitz Quart"]
[Site "Quart de Poblet, Spain"]
[Date "2019.08.08"]
[Round "1.2"]
[White "Chernikov, Vladimir"]
[Black "Hassomal Daswani, Birjkumar"]
[Result "1-0"]
[WhiteElo "2052"]
[BlackElo "1971"]
[PlyCount "65"]
[EventDate "2019.??.??"]

1. c4 {[%clk 00:07:04]  [%emt 00:00:08]} 1... Nf6 {
[%clk 00:07:04]  [%emt 00:00:04]} 2. Nc3 {[%clk 00:07:05]} 2... c6 {
[%clk 00:07:04]  [%emt 00:00:04]} 3. e4 {[%clk 00:07:05]} 3... d6 {
[%clk 00:07:06]} 4. d4 {[%clk 00:07:06]  [%emt 00:00:03]} 4... Qc7 {
[%clk 00:07:05]  [%emt 00:00:06]} 5. h3 {[%clk 00:06:59]  [%emt 00:00:10]} 5...
e5 {[%clk 00:07:06]  [%emt 00:00:03]} 6. Nf3 {[%clk 00:06:56]  [%emt 00:00:04]}
6... Be7 {[%clk 00:07:02]  [%emt 00:00:04]} 7. Be3 {
[%clk 00:06:57]  [%emt 00:00:04]} 7... O-O {[%clk 00:07:02]  [%emt 00:00:03]}
8. d5 {[%clk 00:06:57]  [%emt 00:00:08]} 8... c5 {[%clk 00:07:04]} 9. g4 {
[%clk 00:06:58]  [%emt 00:00:07]} 9... a6 {[%clk 00:06:52]  [%emt 00:00:05]}
10. g5 {[%clk 00:06:54]  [%emt 00:00:05]} 10... Ne8 {
[%clk 00:06:42]  [%emt 00:00:12]} 11. h4 {[%clk 00:06:51]  [%emt 00:00:38]}
11... Bg4 {[%clk 00:06:39]} 12. Be2 {[%clk 00:06:52]  [%emt 00:00:04]} 12...
Bh5 {[%clk 00:06:38]} 13. Nh2 {[%clk 00:06:47]} 13... Bxe2 {[%clk 00:06:33]}
14. Qxe2 {[%clk 00:06:47]  [%emt 00:00:03]} 14... b5 {[%clk 00:06:30]} 15. cxb5
{[%clk 00:06:49]  [%emt 00:00:06]} 15... axb5 {[%clk 00:06:32]} 16. Nxb5 {
[%clk 00:06:48]  [%emt 00:00:07]} 16... Qa5+ {[%clk 00:06:25]  [%emt 00:00:05]}
17. Bd2 {[%clk 00:06:49]  [%emt 00:00:06]} 17... Qb6 {
[%clk 00:06:15]  [%emt 00:00:07]} 18. Ng4 {[%clk 00:06:24]  [%emt 00:00:26]}
18... Na6 {[%clk 00:06:14]  [%emt 00:00:17]} 19. Ne3 {
[%clk 00:06:22]  [%emt 00:00:17]} 19... g6 {[%clk 00:06:06]} 20. a4 {
[%clk 00:06:16]  [%emt 00:00:03]} 20... Nec7 {[%clk 00:06:01]  [%emt 00:00:03]}
21. Nc4 {[%clk 00:06:16]  [%emt 00:00:04]} 21... Qb8 {
[%clk 00:05:54]  [%emt 00:00:06]} 22. Ncxd6 {[%clk 00:05:50]  [%emt 00:00:36]}
22... Bxd6 {[%clk 00:05:53]  [%emt 00:00:17]} 23. Nxd6 {[%clk 00:05:51]} 23...
Qxb2 {[%clk 00:05:49]  [%emt 00:00:03]} 24. O-O {[%clk 00:05:51]} 24... Qb3 {
[%clk 00:05:04]  [%emt 00:01:02]} 25. Kg2 {[%clk 00:05:41]  [%emt 00:00:03]}
25... Qb8 {[%clk 00:05:04]} 26. Nc4 {[%clk 00:05:31]  [%emt 00:00:07]} 26...
Re8 {[%clk 00:04:54]  [%emt 00:00:08]} 27. Bc3 {
[%clk 00:05:25]  [%emt 00:00:12]} 27... Qd8 {[%clk 00:04:33]  [%emt 00:00:21]}
28. Nxe5 {[%clk 00:05:25]  [%emt 00:00:14]} 28... Nxd5 {[%clk 00:04:28]} 29.
exd5 {[%clk 00:05:10]  [%emt 00:00:17]} 29... Qxd5+ {
[%clk 00:04:29]  [%emt 00:00:03]} 30. Qf3 {[%clk 00:05:11]  [%emt 00:00:03]}
30... Qe6 {[%clk 00:04:18]  [%emt 00:00:12]} 31. Ng4 {
[%clk 00:05:09]  [%emt 00:00:05]} 31... f5 {[%clk 00:04:05]  [%emt 00:00:17]}
32. Nf6+ {[%clk 00:05:02]  [%emt 00:00:06]} 32... Kf7 {
[%clk 00:04:04]  [%emt 00:00:21]} 33. Nxe8 {[%clk 00:04:59]} 1-0

[Event "II Magistral Blitz Quart"]
[Site "Quart de Poblet, Spain"]
[Date "2019.08.08"]
[Round "1.3"]
[White "Movsisyan, Tigran"]
[Black "Redondo Flores, David"]
[Result "0-1"]
[WhiteElo "1310"]
[BlackElo "2009"]
[PlyCount "77"]
[EventDate "2019.??.??"]

1. c4 {[%clk 00:07:04]  [%emt 00:00:11]} 1... e5 {[%clk 00:07:04]} 2. Nc3 {
[%clk 00:07:06]} 2... Nf6 {[%clk 00:07:02]} 3. g3 {[%clk 00:07:08]} 3... c6 {
[%clk 00:07:04]} 4. Bg2 {[%clk 00:07:10]} 4... d5 {
[%clk 00:07:02]  [%emt 00:00:03]} 5. cxd5 {[%clk 00:07:11]} 5... cxd5 {
[%clk 00:07:03]} 6. d4 {[%clk 00:07:09]  [%emt 00:00:03]} 6... e4 {
[%clk 00:07:02]  [%emt 00:00:04]} 7. e3 {[%clk 00:06:49]  [%emt 00:00:19]} 7...
Bb4 {[%clk 00:07:02]  [%emt 00:00:16]} 8. Nge2 {[%clk 00:06:50]} 8... O-O {
[%clk 00:06:58]} 9. Bd2 {[%clk 00:06:45]  [%emt 00:00:13]} 9... Bg4 {
[%clk 00:06:52]  [%emt 00:00:04]} 10. O-O {[%clk 00:06:40]  [%emt 00:00:08]}
10... Qd7 {[%clk 00:06:31]  [%emt 00:00:20]} 11. a3 {
[%clk 00:06:33]  [%emt 00:00:12]} 11... Bd6 {[%clk 00:06:14]  [%emt 00:00:19]}
12. Qb3 {[%clk 00:06:15]  [%emt 00:00:21]} 12... Nc6 {
[%clk 00:05:56]  [%emt 00:00:22]} 13. Qc2 {[%clk 00:03:46]  [%emt 00:02:29]}
13... Rac8 {[%clk 00:05:52]  [%emt 00:00:10]} 14. Nf4 {
[%clk 00:03:04]  [%emt 00:00:46]} 14... Bxf4 {[%clk 00:05:49]  [%emt 00:00:05]}
15. gxf4 {[%clk 00:03:01]  [%emt 00:00:07]} 15... Bf3 {
[%clk 00:05:46]  [%emt 00:00:05]} 16. h3 {[%clk 00:02:30]  [%emt 00:00:32]}
16... Qf5 {[%clk 00:05:36]  [%emt 00:00:21]} 17. Kh2 {
[%clk 00:02:16]  [%emt 00:00:08]} 17... Bxg2 {[%clk 00:04:49]  [%emt 00:00:51]}
18. Kxg2 {[%clk 00:02:16]  [%emt 00:00:09]} 18... Na5 {
[%clk 00:04:42]  [%emt 00:00:05]} 19. Qd1 {[%clk 00:01:37]  [%emt 00:00:41]}
19... Rc6 {[%clk 00:04:29]  [%emt 00:00:18]} 20. Na4 {
[%clk 00:00:49]  [%emt 00:00:49]} 20... Nc4 {[%clk 00:03:56]  [%emt 00:00:36]}
21. Bc3 {[%clk 00:00:51]  [%emt 00:00:10]} 21... Nd7 {
[%clk 00:03:41]  [%emt 00:00:10]} 22. b3 {[%clk 00:00:34]  [%emt 00:00:20]}
22... Rh6 {[%clk 00:03:28]  [%emt 00:00:16]} 23. Rh1 {
[%clk 00:00:25]  [%emt 00:00:41]} 23... Rg6+ {[%clk 00:03:24]  [%emt 00:00:04]}
24. Kh2 {[%clk 00:00:27]} 24... Nd6 {[%clk 00:03:25]} 25. Bb4 {
[%clk 00:00:13]  [%emt 00:00:04]} 25... Rc8 {[%clk 00:03:08]  [%emt 00:00:09]}
26. Nc5 {[%clk 00:00:11]  [%emt 00:00:09]} 26... Nxc5 {
[%clk 00:03:06]  [%emt 00:00:04]} 27. Bxc5 {[%clk 00:00:13]  [%emt 00:00:03]}
27... b6 {[%clk 00:03:01]  [%emt 00:00:11]} 28. Bxd6 {[%clk 00:00:15]} 28...
Rxd6 {[%clk 00:03:02]} 29. Qg4 {[%clk 00:00:17]} 29... Qxg4 {
[%clk 00:02:55]  [%emt 00:00:21]} 30. hxg4 {[%clk 00:00:19]} 30... Rdc6 {
[%clk 00:02:57]} 31. Kg3 {[%clk 00:00:15]} 31... Rc3 {
[%clk 00:02:50]  [%emt 00:00:10]} 32. Rh5 {[%clk 00:00:12]  [%emt 00:00:04]}
32... Rd8 {[%clk 00:02:49]  [%emt 00:00:03]} 33. b4 {
[%clk 00:00:11]  [%emt 00:00:03]} 33... f6 {[%clk 00:02:38]  [%emt 00:00:15]}
34. g5 {[%clk 00:00:08]  [%emt 00:00:05]} 34... g6 {
[%clk 00:02:38]  [%emt 00:00:03]} 35. Rh6 {[%clk 00:00:08]  [%emt 00:00:15]}
35... fxg5 {[%clk 00:02:36]  [%emt 00:00:03]} 36. fxg5 {[%clk 00:00:10]} 36...
Rf8 {[%clk 00:02:38]} 37. Rah1 {[%clk 00:00:08]} 37... Rf7 {[%clk 00:02:37]}
38. Ra1 {[%clk 00:00:07]  [%emt 00:00:07]} 38... Rc2 {[%clk 00:02:39]} 39. Rf1
{[%emt 00:00:08]  Bandera} 0-1

[Event "II Magistral Blitz Quart"]
[Site "Quart de Poblet, Spain"]
[Date "2019.08.08"]
[Round "1.4"]
[White "Sanchez Saez, Francisco"]
[Black "Ordonez Carrasco, Jorge"]
[Result "1-0"]
[WhiteElo "2186"]
[BlackElo "1559"]
[PlyCount "66"]
[EventDate "2019.??.??"]

1. c4 {[%clk 00:07:03]  [%emt 00:00:12]} 1... Nf6 {[%clk 00:07:05]} 2. Nc3 {
[%clk 00:07:05]} 2... g6 {[%clk 00:07:06]} 3. e4 {[%clk 00:07:06]} 3... d6 {
[%clk 00:07:05]} 4. d4 {[%clk 00:07:08]} 4... Bg7 {[%clk 00:07:06]} 5. h3 {
[%clk 00:07:09]  [%emt 00:00:04]} 5... O-O {[%clk 00:07:04]} 6. Be3 {
[%clk 00:07:10]} 6... e5 {[%clk 00:06:54]  [%emt 00:00:05]} 7. d5 {
[%clk 00:07:12]  [%emt 00:00:03]} 7... Nbd7 {[%clk 00:06:52]  [%emt 00:00:05]}
8. g4 {[%clk 00:07:12]  [%emt 00:00:11]} 8... Nc5 {
[%clk 00:06:39]  [%emt 00:00:05]} 9. f3 {[%clk 00:07:13]  [%emt 00:00:12]} 9...
a5 {[%clk 00:06:40]} 10. Qd2 {[%clk 00:07:04]  [%emt 00:00:07]} 10... a4 {
[%clk 00:06:04]  [%emt 00:00:39]} 11. Nge2 {[%clk 00:06:55]  [%emt 00:00:09]}
11... b6 {[%clk 00:05:31]  [%emt 00:00:36]} 12. Ng3 {
[%clk 00:06:55]  [%emt 00:00:33]} 12... Qe7 {[%clk 00:04:22]  [%emt 00:00:41]}
13. h4 {[%clk 00:06:55]  [%emt 00:00:19]} 13... Bxg4 {
[%clk 00:03:11]  [%emt 00:01:00]} 14. fxg4 {[%clk 00:06:56]  [%emt 00:00:03]}
14... Nxg4 {[%clk 00:03:13]  [%emt 00:00:05]} 15. Be2 {
[%clk 00:06:46]  [%emt 00:00:06]} 15... Nxe3 {[%clk 00:03:02]  [%emt 00:00:17]}
16. Qxe3 {[%clk 00:06:47]  [%emt 00:00:03]} 16... f5 {
[%clk 00:02:53]  [%emt 00:00:08]} 17. exf5 {[%clk 00:06:49]  [%emt 00:00:09]}
17... gxf5 {[%clk 00:02:56]} 18. Qg5 {[%clk 00:06:13]  [%emt 00:00:32]} 18...
Qd7 {[%clk 00:02:22]  [%emt 00:00:38]} 19. Nh5 {
[%clk 00:05:38]  [%emt 00:00:45]} 19... Rf7 {[%clk 00:01:44]  [%emt 00:00:35]}
20. Rg1 {[%clk 00:05:36]  [%emt 00:00:06]} 20... Raf8 {
[%clk 00:01:18]  [%emt 00:00:26]} 21. O-O-O {[%clk 00:05:07]  [%emt 00:00:31]}
21... Kh8 {[%clk 00:01:05]  [%emt 00:00:33]} 22. Nxg7 {[%clk 00:05:05]} 22...
Rxg7 {[%clk 00:01:06]} 23. Qxg7+ {[%clk 00:05:06]} 23... Qxg7 {
[%clk 00:01:08]  [%emt 00:00:03]} 24. Rxg7 {[%clk 00:05:07]} 24... Kxg7 {
[%clk 00:01:10]} 25. Rg1+ {[%clk 00:05:00]  [%emt 00:00:04]} 25... Kf6 {
[%clk 00:01:10]  [%emt 00:00:35]} 26. h5 {[%clk 00:04:31]  [%emt 00:00:06]}
26... Rf7 {[%clk 00:00:49]  [%emt 00:00:20]} 27. h6 {
[%clk 00:04:29]  [%emt 00:00:05]} 27... e4 {[%clk 00:00:44]  [%emt 00:00:07]}
28. Kc2 {[%clk 00:03:47]  [%emt 00:00:43]} 28... f4 {
[%clk 00:00:25]  [%emt 00:00:24]} 29. b4 {[%clk 00:03:48]} 29... axb3+ {
[%emt 00:00:13]} 30. axb3 {[%clk 00:03:48]} 30... f3 {
[%clk 00:00:22]  [%emt 00:00:03]} 31. b4 {[%clk 00:03:49]  [%emt 00:00:04]}
31... Na6 {[%clk 00:00:11]  [%emt 00:00:28]} 32. Nxe4+ {[%clk 00:03:50]} 32...
Ke5 {[%clk 00:00:10]} 33. Ng5 {[%clk 00:03:37]  [%emt 00:00:07]} 33... c6 {
[%emt 00:00:22]  Bandera} 1-0

[Event "II Magistral Blitz Quart"]
[Site "Quart de Poblet, Spain"]
[Date "2019.08.08"]
[Round "1.5"]
[White "Galvan Cipriani, Viviana"]
[Black "Galvan, Jesus"]
[Result "1/2-1/2"]
[WhiteElo "2015"]
[BlackElo "2200"]
[PlyCount "24"]
[EventDate "2019.??.??"]

1. c4 {[%clk 00:07:04]  [%emt 00:00:27]} 1... b6 {[%clk 00:07:04]} 2. Nc3 {
[%clk 00:07:04]} 2... e6 {[%clk 00:07:05]} 3. e4 {
[%clk 00:07:05]  [%emt 00:00:10]} 3... Bb7 {[%clk 00:07:05]} 4. g3 {
[%clk 00:07:06]} 4... Bb4 {[%clk 00:07:06]} 5. Bg2 {[%clk 00:07:06]} 5... f5 {
[%clk 00:07:06]} 6. d3 {[%clk 00:07:05]} 6... Ne7 {
[%clk 00:06:51]  [%emt 00:00:11]} 7. Nge2 {[%clk 00:07:04]  [%emt 00:00:07]}
7... O-O {[%clk 00:06:51]  [%emt 00:00:03]} 8. O-O {
[%clk 00:07:02]  [%emt 00:00:07]} 8... fxe4 {[%clk 00:06:21]  [%emt 00:00:27]}
9. dxe4 {[%clk 00:06:55]  [%emt 00:00:20]} 9... e5 {
[%clk 00:05:37]  [%emt 00:00:36]} 10. Be3 {[%clk 00:06:30]  [%emt 00:00:27]}
10... Na6 {[%clk 00:05:33]  [%emt 00:00:51]} 11. a3 {[%clk 00:06:29]} 11... Bc5
{[%clk 00:05:35]} 12. Qd3 {[%clk 00:05:49]  [%emt 00:00:05]} 12... Bxe3 {
[%clk 00:05:18]  [%emt 00:00:20]} 1/2-1/2